Catálogo - Centro de Recursos para el Aprendizaje y la Investigación

Volver al Sitio - CRAI Biblioteca

¿Qué hemos aprendido de la economía dominicana? (Registro nro. 114477)

Detalles MARC
000 -CABECERA
campo de control de longitud fija 00876nam a22002297a 4500
001 - NÚMERO DE CONTROL
campo de control 114477
003 - IDENTIFICADOR DEL NÚMERO DE CONTROL
campo de control DR-UNIBE
005 - FECHA Y HORA DE LA ÚLTIMA TRANSACCIÓN
campo de control 20260318111528.0
008 - DATOS DE LONGITUD FIJA--INFORMACIÓN GENERAL
campo de control de longitud fija 260318b2025 dr ||||| |||| 00| 0 spa d
020 ## - NÚMERO INTERNACIONAL ESTÁNDAR DEL LIBRO
Número Internacional Estándar del Libro 9789945629620
040 ## - FUENTE DE LA CATALOGACIÓN
Centro catalogador/agencia de origen BIBLIOTECA UNIBE
Centro/agencia transcriptor BIBLIOTECA UNIBE
Normas de descripción rda
041 ## - CÓDIGO DE LENGUA
Código de lengua del texto/banda sonora o título independiente spa
082 ## - NÚMERO DE LA CLASIFICACIÓN DECIMAL DEWEY
Número de clasificación RD 330.97293 A654e
245 #0 - MENCIÓN DE TÍTULO
Título ¿Qué hemos aprendido de la economía dominicana?
Resto del título reflexiones de los miembros del jurado en el cuadragésimo aniversario de los premios de la Biblioteca «Juan Pablo Duarte»
260 ## - PUBLICACIÓN, DISTRIBUCIÓN, ETC.
Lugar de publicación, distribución, etc. Santo Domingo :
Nombre del editor, distribuidor, etc. Banco Central De La Republica Dominicana,
Fecha de publicación, distribución, etc. 2025
300 ## - DESCRIPCIÓN FÍSICA
Extensión xxii, 338 páginas
490 ## - MENCIÓN DE SERIE
Mención de serie Colección Banco Central de la República Dominicana ;
Designación de volumen o secuencia volumen 333
490 ## - MENCIÓN DE SERIE
Mención de serie Serie obras premiadas ;
Designación de volumen o secuencia número 48
650 #7 - PUNTO DE ACCESO ADICIONAL DE MATERIA--TÉRMINO DE MATERIA
Fuente del encabezamiento o término lemb
Término de materia o nombre geográfico como elemento de entrada Economía
700 ## - PUNTO DE ACCESO ADICIONAL--NOMBRE DE PERSONA
Nombre de persona Vásquez, Harold
Término indicativo de función/relación editor
9 (RLIN) 203420
942 ## - ELEMENTOS DE PUNTO DE ACCESO ADICIONAL (KOHA)
Fuente del sistema de clasificación o colocación Sistema de Clasificación Decimal Dewey
Tipo de ítem Koha Libro (general)
Existencias
Estado de retiro Estado de pérdida Fuente del sistema de clasificación o colocación No para préstamo Código de colección Localización permanente Fecha de adquisición Total de préstamos Signatura topográfica completa Código de barras Fecha visto por última vez Número de copia Precio válido a partir de Tipo de ítem Koha
  Disponible Sistema de Clasificación Decimal Dewey   General - Libros dominicanos Biblioteca Central UNIBE 18/03/2026   RD 330.97293 A654e 260254 18/03/2026 Ej. 1 18/03/2026 Libro (general)